书目信息 |
| 题名: |
数据结构
|
|
| 作者: | 程海英 主编 | |
| 分册: | ||
| 出版信息: | 北京 清华大学出版社 2014.09 |
|
| 页数: | 278页 | |
| 开本: | 26cm | |
| 丛书名: | ||
| 单 册: | ||
| 中图分类: | TP311.12 | |
| 科图分类: | ||
| 主题词: | 数据结构 , C语言--程序设计 | |
| 电子资源: | ||
| ISBN: | 978-7-302-37649-1 | |
| 000 | 00993nam0 2200241 450 | |
| 001 | 1869 | |
| 005 | 20161201142756.03 | |
| 010 | @a978-7-302-37649-1@dCNY38.00 | |
| 100 | @a20140919d2014 em y0chiy0110 ea | |
| 101 | 0 | @achi |
| 102 | @aCN@b110000 | |
| 105 | @ay zq 000yy | |
| 200 | 1 | @a数据结构@9shu ju jie gou@b专著@eC语言版@f程海英主编 |
| 210 | @a北京@c清华大学出版社@d2014.09 | |
| 215 | @a278页@d26cm | |
| 330 | @a本书共分10章,其中第1章是数据结构基础,介绍了数据结构的基本概念;第2-5章主要讨论几种基本的线性结构,即线性表、栈和队列、串、数组和广义表;第6-7章主要介绍非线性结构,即树和二叉树、图;第8-9章主要讨论两种基本的运算,即查找和排序;第10章主要介绍文件。 | |
| 333 | @a本书适用于高等学校计算机科学与技术、软件工程和通信工程等信息类专业的本、专科学生,软件设计人员 | |
| 606 | 0 | @a数据结构 |
| 606 | 0 | @aC语言@x程序设计 |
| 690 | @aTP311.12@v5 | |
| 701 | 0 | @a程海英@9cheng hai ying@4主编 |
| 801 | 0 | @aCN@b大连网信软件有限公司图书馆·11@c20161201 |
| 905 | @aZUCC@dTP311.12@e1006 | |
| 数据结构:C语言版/程海英主编.-北京:清华大学出版社,2014.09 |
| 278页;26cm |
| 使用对象:本书适用于高等学校计算机科学与技术、软件工程和通信工程等信息类专业的本、专科学生,软件设计人员 |
| ISBN 978-7-302-37649-1:CNY38.00 |
| 本书共分10章,其中第1章是数据结构基础,介绍了数据结构的基本概念;第2-5章主要讨论几种基本的线性结构,即线性表、栈和队列、串、数组和广义表;第6-7章主要介绍非线性结构,即树和二叉树、图;第8-9章主要讨论两种基本的运算,即查找和排序;第10章主要介绍文件。 |
| ● |
| 相关链接 |
|
|
|
|
正题名:数据结构
索取号:TP311.12/1006
 
预约/预借
| 序号 | 登录号 | 条形码 | 馆藏地/架位号 | 状态 | 备注 |
| 1 | 910199 | 209101997 | 第二样本阅览室/ [索取号:TP311.12/1006] | 在馆 | |
| 2 | 910200 | 209102004 | 第三借阅区/ [索取号:TP311.12/1006] | 在馆 | |
| 3 | 910201 | 209102013 | 密集书库—计算机科学学院/ [索取号:TP311.12/1006] | 在馆 | |
| 4 | 910202 | 209102022 | 第三借阅区/ [索取号:TP311.12/1006] | 在馆 |